|
|
|
|
| LEADER |
00629nam a2200133Ia 4500 |
| 001 |
71930 |
| 008 |
170722s9999 xx 000 0 und d |
| 100 |
|
|
|a Vasudeva Sarma, Ck
|
| 245 |
|
|
|a Agnikam /
|
| 942 |
|
|
|c GEN
|
| 999 |
|
|
|c 30503
|d 30503
|
| 952 |
|
|
|0 0
|1 0
|4 0
|6 Q_24_32F3F31F32_CR
|7 0
|9 37382
|a LIB
|b LIB
|d 2017-08-12
|o Q2:4 32F3-F3;1-F3;2 (CR)
|p 11140
|r 2017-08-12
|w 2017-08-12
|y GEN
|
| 952 |
|
|
|0 0
|1 0
|4 0
|6 Q_24_32F3F31F32_CR
|7 0
|9 37383
|a LIB
|b LIB
|d 2017-08-12
|o Q2:4 32F3-F3;1-F3;2 (CR)
|p 14638
|r 2017-08-12
|w 2017-08-12
|y GEN
|
| 952 |
|
|
|0 1
|1 0
|4 0
|6 Q_24_32F3F31F32_CR
|7 0
|8 CR
|9 37384
|a LIB
|b LIB
|d 2017-08-12
|h CR
|o Q2:4 32F3-F3;1-F3;2 (CR)
|p 17019
|r 2017-08-12
|w 2017-08-12
|y GEN
|